000 00840nam a2200253 a 4500
001 000022733
005 20200930021750.0
008 101117s1983 ag r 000 p spa d
020 _a9501800237
040 _aDO-SdBNP
_bspa
_cBNPHU
082 _a928.73
_bD553L
100 1 _aLilliedahl, Ann
_946714
240 1 1 _aEmely Dickinson in Europe
_lespañol
245 1 0 _aEmely Dickinson en Europa /
_cAnn Lilliedahl; traducción Zoraida J. Valcarcel.
260 _aBuenos Aires :
_bTres Tiempos,
_c1983.
300 _a157 p. ;
_c19 cm.
490 _aEnsayos Literario;
_v1
500 _aIncluye notas y referencia bibliográficas
600 1 0 _aDICKINSON, EMILY,
_d1830-1886
_910686
734 _aEnsayos Literario;
_v1
700 1 _aValcarcel, Zoraida J.
_912587
834 _aTítulo original :
_tEmely Dickinson in Europe
049 _aBNGR
999 _c22230
_d22230